000 00873nam a2200181Ia 4500
008 151202s9999||||xx |||||||||||||| ||und||
082 _bPNVM-75508
100 _aफ्रॉयड् झिग्मुंट/अनु-परांजपे प्र.ना.
245 _aलिओनार्दो दा विंची.
260 _bमहाराष्ट्र राज्य साहित्य व संस्कृती मंडळ.
260 _c75508
300 _a104
600 _aफ्रॉयड् झिग्मुंट/अनु-परांजपे प्र.ना.
630 _aलिओनार्दो दा विंची.
700 _aफ्रॉयड् झिग्मुंट/अनु-परांजपे प्र.ना.
730 _aलिओनार्दो दा विंची.
942 _cBOOK
999 _c1342167
_d1342164